| 000 | 01716cam a22002054a 4500 | ||
|---|---|---|---|
| 005 | 20250605164121.0 | ||
| 008 | 250528s ||||||||||||||||||||||||d | ||
| 035 | _a18296 | ||
| 020 | _a9609024629 | ||
| 040 |
_aGR-AtMCL _bgre _dGR-AtMCL _eAACR2 |
||
| 245 | 1 |
_aΕφαρμογές Οπλισμένου Σκυροδέματος / Σύμφωνα με τον Νέο Κανονισμό Σκυροδέματος. _nΤόμος Β' Έκδοση 1.0 |
|
| 260 |
_bΠ, Systems International Α.Ε.Β.Ε.Λ, _c1994 |
||
| 300 | _a304 | ||
| 505 | 0 | _aΗ Τοποθέτηση των Οπλισμών, Η Αγκύρωση των Οπλισμών, Οι Ενώσεις των Οπλισμών, Σύνδεση Πελμάτων και Κορμού Πλακοδοκών, Περιορισμός Εύρους Ρωγμών, Ολόσωμες Πλάκες, Επιρροή Κινητού Φορτίου στη Στατική Επίλυση Πλακών, Κανόνες Αναπτυγμάτων Παβδών Οπλισμού, Πλάκες με Νευρώσεις, Ασκήσεις. | |
| 520 | _aΗ Τοποθέτηση των Οπλισμών, Η Αγκύρωση των Οπλισμών, Οι Ενώσεις των Οπλισμών, Σύνδεση Πελμάτων και Κορμού Πλακοδοκών, Περιορισμός Εύρους Ρωγμών, Ολόσωμες Πλάκες, Επιρροή Κινητού Φορτίου στη Στατική Επίλυση Πλακών, Κανόνες Αναπτυγμάτων Παβδών Οπλισμού, Πλάκες με Νευρώσεις, Ασκήσεις. | ||
| 700 | 1 |
_aΚωνσταντινίδης Απόστολος _94572 |
|
| 942 | _cBK | ||
| 999 |
_c3662 _d3662 |
||